LDR 00606nam a2200181 i 4500 001 000000171353 003 CaOOAMICUS 005 20260407123643.0 008 080426n it u000 u mul u 013 $a148784 040 $aSeMil$bita 245 10$aVol. 2 /$cStendhal. 300 $aXXXVII, 231 p. 773 0 $aStendhal <1783-1842>$tCertosa di Parma.$dFirenze : Sansoni, [1922?]$kBiblioteca sansoniana straniera$w()19478 850 $aSeMil 852 $aSeMil$W1$xVenegono$y1$m1W I 20$j122222$B122222$CSeMilBibl$Z2$F133546 $81 996 $6245$aVol. 2$9(OLS)http://semarc/title/54073